000 00721nam a2200229Ii 4500
003 JO-AjNU
008 230605s9999||||xx |||||||||||||| ||und||
017 _a2016/7/2962
020 _a978-9957-00-639-5
040 _aJO-AjNU
_bara
_erda
_cJO-AjNU
041 _aara
050 1 4 _aPJ7852.A536.L34 2016
100 3 _aناجي، جمال,
_eauthor
_962046
245 0 0 _aليلة الريش
250 _aالطبعة الاولى
264 3 1 _aعمان: دار الشروق للنشر والتوزيع، 2016
300 _a424ص
336 _atext
_btxt
_2rdacontent
337 _aunmediated
_bn
_2rdamedia
338 _avolume
_bnc
_2rdacarrier
650 4 _aالقصص العربية-العصر الحديث
_962047
999 _aA28076
_c31644
_d31644